| 000 | 00631nam a2200181 4500 | ||
|---|---|---|---|
| 001 | 123459 | ||
| 003 | ES-MaACL | ||
| 005 | 20230906192157.0 | ||
| 007 | t| | ||
| 008 | 070214s1960 sp r ||||1| spa d | ||
| 100 | 1 |
_aRafael Arnáiz _cBeato ( _d1911-1938) _994953 |
|
| 245 | 1 | 0 | _aVida y escritos de Fray María Rafael Arnáiz Barón, monje trapense. |
| 250 | _a4ª ed., corr. y aum. | ||
| 260 |
_aSan Isidro de Dueñas (Palencia) : _bAbadía Cisterciense, _c1960. |
||
| 300 |
_aXII, 557 p., 20 lám. : _bil. ; _c22 cm. |
||
| 710 | 2 |
_aAbadía Cisterciense de San Isidro de Dueñas. _91130 |
|
| 852 |
_aES-MaACL _jC-17635 _bR.46034 |
||
| 999 |
_c123459 _d123459 |
||